Nghề gỗ đá thủ công truyền thống của đồng bào thiểu số tỉnh Cao Bằng

Nội dung sách giới thiệu: Phần thứ nhất: Vai trò của nghề gỗ đá thủ công ở tỉnh Cao Bằng; Phần thứ hai: Những sản phẩm của nghề gỗ đá thủ công truyền thống của đồng bào thiểu số tỉnh Cao Bằng....

Cijeli opis

Spremljeno u:
Bibliografski detalji
Glavni autor: Dương, Sách
Format: Knjiga
Jezik:Undetermined
Izdano: Hà Nội Thời Đại 2010
Teme:
Oznake: Dodaj oznaku
Bez oznaka, Budi prvi tko označuje ovaj zapis!
Thư viện lưu trữ: Trung tâm Học liệu Trường Đại học Cần Thơ
LEADER 01060nam a2200217Ia 4500
001 CTU_164088
008 210402s9999 xx 000 0 und d
082 |a 745.51597 
082 |b S102 
100 |a Dương, Sách 
245 0 |a Nghề gỗ đá thủ công truyền thống của đồng bào thiểu số tỉnh Cao Bằng 
245 0 |c Dương Sách, Dương Thị Đào 
260 |a Hà Nội 
260 |b Thời Đại 
260 |c 2010 
520 |a Nội dung sách giới thiệu: Phần thứ nhất: Vai trò của nghề gỗ đá thủ công ở tỉnh Cao Bằng; Phần thứ hai: Những sản phẩm của nghề gỗ đá thủ công truyền thống của đồng bào thiểu số tỉnh Cao Bằng. 
650 |a Crafts,Nghề thủ công mỹ nghệ,Woods,Nghề gỗ 
650 |x Traitional,Truyền thống 
650 |z Vietnam,Việt Nam 
904 |i HPTVi,Qhieu 
980 |a Trung tâm Học liệu Trường Đại học Cần Thơ